000 00615nam a2200241Ia 4500
003 OSt
005 20221007103339.0
006 a|||||r|||| 00| 0
007 ta
008 221006b |||||||| |||| 00| 0 hin d
024 _a12,886
037 _cTextual
040 _aLCO
_cLCO
_bhin
041 _2hin
_ahin
082 _aZ2,3, N5
100 _aSingh S.R.
245 0 _aBhartiya Sanvida Adhiniyam
260 _aAllahabad
_bCentral Law Agency India
_c1995
300 _a347
650 _aIndian Contract Act
_9681423
942 _hZ2,3, N5
_cTEXL
999 _c1182449
_d1182449